000 01223nam a2200265 a 4500
001 80116
003 BD-RjUL
005 20240206150159.0
008 220725s1954 ua ||||| |||| 00| 0 r d
035 _a(BD-RjUL)80116
040 _aHAI
_beng
_cBD-RjUL
041 0 _aara
082 _223
_a892.71092
_bKAQ 1954
100 0 _a[Kaab bin Zuhair ] كعب بن زهير
_94119
245 1 0 _aشرح قصيدة بانت سعاد /qasidat bant suead /
_clikaeb bin zuhayr; sharah 'abi muhamad jamal aldiyn eabd allh bin hisham alansari ] لكعب بن زهير؛ شرح أبي محمد جمال الدين عبد الله بن هشام الانصاري
246 3 3 _aقصيدة بانت سعاد
246 3 3 _aحاشية الاسعاد على بانت سعاد
260 _aمصر :
_bمكتبة القاهرة ,
_c 1954
300 _a16 ص. ؛
_c٢٨ س.
500 _aوبهامشه حاشية الاسعاد على بانت سعاد لابراهيم الباجوري
600 0 4 _aKab ibn Zuhayr.
_tQasidat al-Burdah
_94120
700 1 _aابن هشام، عبد الله بن يوسف،
_d1309-1360
_94121
700 1 _aالباجوري، ابراهيم بن محمد،
_d1783 أو 1784-1860
_94122
942 _2ddc
_cBK
999 _c80116
_d80116